Danny the Champion of the World (Record no. 264677)
[ view plain ]
| 000 -LEADER | |
|---|---|
| fixed length control field | 00228nam a22000977a 4500 |
| 020 ## - INTERNATIONAL STANDARD BOOK NUMBER | |
| ISBN | 9780141371375 |
| 100 ## - MAIN ENTRY--AUTHOR NAME | |
| Personal name | Roald Dahl |
| 245 ## - TITLE STATEMENT | |
| Title | Danny the Champion of the World |
| 260 ## - PUBLICATION, DISTRIBUTION, ETC. (IMPRINT) | |
| Place of publication | UK |
| Name of publisher | Penguin Random House |
| Year of publication | 1975 |
| 942 ## - ADDED ENTRY ELEMENTS (KOHA) | |
| Koha item type | Long Loan Books |
| Withdrawn status | Lost status | Collection code | Home library | Current library | Shelving location | Date acquired | Accession Number | Koha item type |
|---|---|---|---|---|---|---|---|---|
| Fiction | Rongo University Library | Rongo University Library | Children's Area | 09/12/2024 | CL20222625 | Long Loan Books |
